| 000 | 00575cam a2200193 4500 | ||
|---|---|---|---|
| 001 | BFIL007502 | ||
| 008 | 1944 spa | ||
| 035 | _aBFIL007502 | ||
| 050 | 4 |
_aPR4699 _b.F11 F32 1944 |
|
| 100 | 1 | _aFaber, Federico G. | |
| 245 | 0 |
_aAl pie de la cruz o los dolores de MarĂa / _cFederico G. Faber ; tr. Gabino Tejado. |
|
| 260 |
_aBrasil : _bSanta Catalino, _c1944 |
||
| 300 |
_a495 p. ; _c19 cm. |
||
| 440 | 0 | _aBiblioteca Ascetica | |
| 500 | _a1 Ejemplar | ||
| 650 | 4 | _aLiteratura Italiana | |
| 700 | 1 |
_aTejado, Gabino, _etr. |
|
| 942 |
_2lcc _cLIB |
||
| 999 |
_c121489 _d121489 |
||